Délmagyarország. - 2003. augusztus 4., Hétfő
Elmentve itt :
| Dokumentumtípus: | Újság |
|---|---|
| Megjelent: |
2003-08-04
|
| Sorozat: | Délmagyarország
93 No. 180 |
| Online Access: | http://dmarchiv.bibl.u-szeged.hu/28235 |
| LEADER | 00490nas a2200145 i 4500 | ||
|---|---|---|---|
| 001 | delm28235 | ||
| 005 | 20200415084509.0 | ||
| 008 | 171218s2003 hu n o 0|| hun d | ||
| 022 | |a 0133-025X | ||
| 040 | |a SZTE Délmagyarország Archívum |b hun | ||
| 041 | |a hun | ||
| 245 | 0 | 0 | |a Délmagyarország. - 2003. augusztus 4., Hétfő |h [elektronikus dokumentum] |
| 260 | |c 2003-08-04 | ||
| 490 | 0 | |a Délmagyarország |v 93 No. 180 | |
| 856 | 4 | 0 | |u http://dmarchiv.bibl.u-szeged.hu/28235/1/dm_2003_180.pdf |z Dokumentum-elérés |